000 00788cam a2200253 a 4500
001 237
003 BR-CuiBMT
005 20231030231416.0
008 230905s2012 mgb 001 0 por d
020 _a9788577005727
040 _aBR-CuiBMT
_cBR-CuiBMT
080 _22007
_a347.93
090 _a347.93
_bA911
245 0 0 _aAudiências públicas e ativismo :
_bdiálogo social no STF /
_cVanice Regina Lírio do Valle, coordenadora.
260 _aBelo Horizonte :
_bFórum,
_c2012.
300 _a142 p. ;
_c22 cm
504 _aInclui bibliografia.
650 _aAudiências públicas
650 _aDireito constitucional
650 _aSupremo Tribunal Federal (Brasil)
650 _aCiência política
_xAtivismo
700 1 _aValle, Vanice Regina Lírio do
_4coord.
942 _2udc
_cLV
999 _c237
_d237